Pays avec le plus d'églises et de mosquées - Statistiques

Statistiques générales
  • Ce quiz a été pris 124 fois
  • Le résultat moyen est 12 sur 16
Statistiques - réponses
Hint Réponse % Correct
42K France
98%
380K États-Unis
95%
40K Russie
88%
65K Italie
87%
124K Brésil
83%
34K Inde
82%
300K Inde
82%
151K Égypte
79%
744K Indonésie
79%
41K Royaume-Uni
77%
82K Turquie
77%
90K Arabie saoudite
75%
120K Pakistan
75%
153K Bangladesh
52%
110K Éthiopie
46%
78K Soudan
39%
Aucun quiz correspondant
Distribution des résultats
% des personnes avec chaque résultat
Percentile par nombre de réponses
Votre historique - résultats
Vous n’avez pas pris ce quiz